| 000 | 01092cam a2200217 4500 | ||
|---|---|---|---|
| 001 | WB3835-08 | ||
| 008 | 020924n2002 000 0 eng u | ||
| 035 | _a(Sirsi) u119826 | ||
| 245 | _aMaps on tap | ||
| 260 | _c2002 | ||
| 490 |
_aRICS Geomatics Faculty News _v 23 September 2002, (1) |
||
| 520 | _aGovernment project 'Maps on Tap' hopes to puts maps on the internet for general use that use data from a number of sources for general use. It aims to provide services to users that need public sector information and will allow data owners to connect their databases using the established government standard under the National Geospatial Data Framework. For the RICS News Story: http: //www.rics.org/ricscms/bin/show?class=News&template=/includes/shownews.html&id=3719 For Maps on Tap information, http://www.odpm.gov.uk/publications/mot/index.htm | ||
| 590 | _aWB | ||
| 650 | _aMAPS ON TAP | ||
| 650 | _aDETR | ||
| 650 | _aPUBLIC SECTOR INFORMATION | ||
| 650 | _aGEOGRAPHICAL INFORMATION SYSTEM | ||
| 650 | _aSTRATEGIC INFORMATION | ||
| 690 |
_aGeomatics _96242 |
||
| 942 | _n0 | ||
| 999 |
_c71209 _d71209 |
||